| 000 | 00435nam a2200157Ia 4500 | ||
|---|---|---|---|
| 020 | _a(pbk) | ||
| 082 |
_a297 _bISA _cD |
||
| 100 |
_aAhmad Khan compiler _937238 |
||
| 245 | _aThe Message to Muhammad | ||
| 260 |
_aLahore: _bMohammad Azam Khan, _c1977 |
||
| 300 | _a229p | ||
| 526 |
_a0 _b0 _c0 _d297_000000000000000_ISA |
||
| 650 |
_aMuhammad (S.A.W.), Prophet, 571-632 _937239 |
||
| 700 |
_aKhan, Khan Ahmed _937240 |
||
| 942 |
_2ddc _cBK |
||
| 999 |
_c542145 _d542145 |
||